Dr Christian's guide to growing up : (Record no. 5541)
[ view plain ]
| 000 -LEADER | |
|---|---|
| fixed length control field | 01704nam a22002777a 4500 |
| 001 - CONTROL NUMBER | |
| control field | 5541 |
| 003 - CONTROL NUMBER IDENTIFIER | |
| control field | FISKH |
| 005 - DATE AND TIME OF LATEST TRANSACTION | |
| control field | 20250131120947.0 |
| 008 - FIXED-LENGTH DATA ELEMENTS--GENERAL INFORMATION | |
| fixed length control field | 241217b cb ||||| |||| 00| 0 eng d |
| 020 ## - INTERNATIONAL STANDARD BOOK NUMBER | |
| International Standard Book Number | 9781407132716 |
| 040 ## - CATALOGING SOURCE | |
| Original cataloging agency | FISKH |
| Language of cataloging | eng |
| Transcribing agency | FISKH |
| Modifying agency | FISKH |
| 050 ## - LIBRARY OF CONGRESS CALL NUMBER | |
| Classification number | PZ7 |
| 082 ## - DEWEY DECIMAL CLASSIFICATION NUMBER | |
| Classification number | 612.65 |
| 100 ## - MAIN ENTRY--PERSONAL NAME | |
| Personal name | Jessen, Christian |
| 245 ## - TITLE STATEMENT | |
| Title | Dr Christian's guide to growing up : |
| Remainder of title | Boys' & girls'questions answered by TV's favorite doctor / |
| Statement of responsibility, etc. | by Dr Christian Jessen |
| 260 ## - PUBLICATION, DISTRIBUTION, ETC. | |
| Place of publication, distribution, etc. | Scholastic : |
| Name of publisher, distributor, etc. | New York, |
| Date of publication, distribution, etc. | 2013 . |
| 300 ## - PHYSICAL DESCRIPTION | |
| Extent | 96 pages : |
| Other physical details | illustrations ; |
| Dimensions | 25 cm . |
| 505 ## - FORMATTED CONTENTS NOTE | |
| Formatted contents note | Z <br/> |
| 520 ## - SUMMARY, ETC. | |
| Summary, etc. | A child's guide to growing up & the facts of life by TV's favourite doctor. Finally TV's favourite doctor, Dr Christian, comes to the rescue of parents, boys and girls to answer all their questions about adolescence, sexuality and puberty. In his assured, no-nonsense fashion Dr Christian allays the fears, and uncertainties of growing youngsters (and helps parents find answers) about puberty, sex, personal and emotional health and body image. Leave it on the coffee table or sit down and go through it together- this book is a godsend for every family household with children under the age of 15. Addressing all those cringey questions parents squirm at answering, Dr Christian's sensible, light-hearted advice guides boys and girls on the path to be coming healthy, happy adults. Covering issues such as: Puberty Diet Sex Sexuality Self-esteem/body image Personal health Emotional health Bullying |
| 521 8# - TARGET AUDIENCE NOTE | |
| Target audience note | 980 <br/> |
| Source | Lexile <br/> |
| 521 8# - TARGET AUDIENCE NOTE | |
| Target audience note | Z <br/> |
| Source | Raz-Plus <br/> |
| 650 ## - SUBJECT ADDED ENTRY--TOPICAL TERM | |
| Topical term or geographic name entry element | growing up |
| Form subdivision | Non-fiction |
| 700 ## - ADDED ENTRY--PERSONAL NAME | |
| Personal name | Semple, David |
| Relator term | illustrator |
| 942 ## - ADDED ENTRY ELEMENTS (KOHA) | |
| Source of classification or shelving scheme | Dewey Decimal Classification |
| Koha item type | Books |
| Suppress in OPAC | No |
| Withdrawn status | Lost status | Source of classification or shelving scheme | Damaged status | Not for loan | Collection | Home library | Current library | Shelving location | Date acquired | Total Checkouts | Full call number | Barcode | Date last seen | Copy number | Price effective from | Koha item type |
|---|---|---|---|---|---|---|---|---|---|---|---|---|---|---|---|---|
| Dewey Decimal Classification | Non-Fiction | Footprints International School Library Network Toul Kork Campus | Footprints International School Library Network Toul Kork Campus | TTP Secondary Non-Fiction Bookshelves | 12/17/2024 | JES PZ7 612.65 | FIS01658 | 12/17/2024 | 1 | 12/17/2024 | Books | |||||
| Dewey Decimal Classification | Non-Fiction | Footprints International School Library Network Toul Kork Campus | Footprints International School Library Network Toul Kork Campus | TTP Secondary Non-Fiction Bookshelves | 12/17/2024 | JES PZ7 612.65 | 2025-0077 | 01/23/2025 | 2 | 12/17/2024 | Books |
